| 000 | 00356nam a2200109Ia 4500 | ||
|---|---|---|---|
| 008 | 220204s9999 xx 000 0 und d | ||
| 082 |
_a338.43.01 _bMUT |
||
| 100 | _aMuthayya, B C | ||
| 245 | 0 | _aFarmers and their aspirations: Influence of socio-economic status and work orientation | |
| 260 |
_aHyderabad _bNational Inst of Community Devt _c1971 |
||
| 942 | _cBK | ||
| 999 |
_c22597 _d22597 |
||